Anorganické materiály
Guardado en:
| Autores principales: | , |
|---|---|
| Formato: | Libro |
| Lenguaje: | eslovaco |
| Publicado: |
Bratislava :
STU v Bratislave,
2008
|
| Edición: | 2.preprac.vyd. |
| Etiquetas: |
Sin Etiquetas, Sea el primero en etiquetar este registro!
|
MARC
| LEADER | 00000nam a22000003a 4500 | ||
|---|---|---|---|
| 001 | stu161170 | ||
| 005 | 20221212122455.0 | ||
| 008 | 080409s2008----xo------------------slo-d | ||
| 020 | |a 978-80-227-2798-3 | ||
| 040 | |a STU |b slo | ||
| 041 | 0 | |a slo | |
| 044 | |a xo | ||
| 080 | |a 66.01(075.8) | ||
| 100 | 1 | |a Koman, Marián, |d 1953- |4 aut |u C2190 |U FCHPT Ústav anorganickej chémie, technológie a materiálov |T FCHPT Oddelenie anorganickej chémie |X 2950 |U C2190 |Y 112 |7 A000002950 | |
| 245 | 1 | |a Anorganické materiály | |
| 250 | |a 2.preprac.vyd. | ||
| 260 | |a Bratislava : |b STU v Bratislave, |c 2008 | ||
| 300 | |a 179 s.;schémy | ||
| 700 | 1 | |a Jamnický, Miroslav, |d 1948- |4 aut |u C2110 |U FCHPT Ústav anorganickej chémie, technológie a materiálov |T FCHPT Oddelenie keramiky, skla a cementu |X 3283 |U C2110 |Y 110 |7 A000003283 | |
| 996 | |b 284V018290 |c V*49941/O-22182 |l VVT |s A |a 24 |w stu161170_0001 | ||